000 00236nam a2200097Ia 4500
008 230508s1994 xx 000 0 und d
041 _aeng
100 _aSMITH N.E.
245 _aWRITE YOUR OWN PROGRAMMING LANG.USING C++
260 _c1994
999 _c322914
_d322914